| 000 | 00489 a2200157 4500 | ||
|---|---|---|---|
| 020 | _a 1566079640 | ||
| 082 | _a 621.384 | ||
| 090 |
_c4258 _d4258 |
||
| 100 | _aGoralski, Walter. | ||
| 245 |
_aWireless communications : a management guide to implementation _c Walter Goralski |
||
| 260 |
_aU.S.A. : _bComputer Technology Research Corp. _c1996. |
||
| 300 |
_avi, 222 p. _b: ill. _c; 28 cm. |
||
| 500 | _a Includes Index | ||
| 650 | _aWireless communication systems. | ||
| 942 |
_cBK _k621.384 GOR |
||
| 999 |
_c8149 _d8149 |
||